Jazyková politika Rady Európy

Výučba živých jazykov patrí do oblasti vzdelávania a kultúry, ktorú v rámci Rady Európy riadi Rada pre kultúrnu spoluprácu. Projekty výučby cudzích jazykov. Význam nového prístupu výučby cudzích jazykov v EÚ pre medzinárodné vzťahy. Cieľom nového prístupu nie je, aby učiaci sa dosiahol úroveň príslu...

Description complète

Enregistré dans:
Détails bibliographiques
Auteur principal: Hašková, Terézia
Format: Chapitre de livre
Langue:slovaque
Sujets:
Tags: Ajouter un tag
Pas de tags, Soyez le premier à ajouter un tag!

MARC

LEADER 00000naa$a2200000$$$4500
001 0091792
005 20240502072026.6
041 0 |a slo 
044 |a SK 
245 1 0 |a Jazyková politika Rady Európy  |c Terézia Hašková 
520 |a Výučba živých jazykov patrí do oblasti vzdelávania a kultúry, ktorú v rámci Rady Európy riadi Rada pre kultúrnu spoluprácu. Projekty výučby cudzích jazykov. Význam nového prístupu výučby cudzích jazykov v EÚ pre medzinárodné vzťahy. Cieľom nového prístupu nie je, aby učiaci sa dosiahol úroveň príslušníka národa, pre ktorého je tento jazyk materinským jazykom. Učiaci sa má stať niekým tretím, interkulturálnou osobnosťou, ktorá v sebe spája tieto dve kultúry a stáva sa komplexnejším človekom, zároveň je podporená jeho individualita. 
610 2 0 |a jazyky cudzie 
610 2 0 |a vyučovanie 
610 2 0 |a Európska únia 
100 1 |a Hašková, Terézia